1087 1803 1917 1727 1435 1343 1528 1619 1366 1616 1533 1569 1413 1712 1765 1706 1495 1855 1504 1241 1206 1305 1979 1707 1273 1014 1719 1252 1174 1764 1450 1791 1978 1355 1227 1420 1180 1168 1650 1503 1197 1729 1100 1047 1946 1213 1280 1339 1651 1739 1291 1312 1886 1631 1356 1458 1651 1469 1168 1026 1327 1509 1244 1865 1543 1774 1763 1306 1568 1183 1070 1477 1829 1474 1463 1110 1740 1397 1468 1881 1865 1846 1741 1275 1088 1233 1099 1881 1657 1924 1855 1910 1654 1580 1567 1133 1114 1058 1131 BCNSPRNW ULIB Ver.6.0+V

เปลี่ยนเป็นภาษาไทย

Change to English
 แสดงรายละเอียดบรรณานุกรม
  กลับหน้าหลัก

Brief Record : Get Marc (ISO 2709) : E-mail record : QR code < ปิดหน้าต่าง
LEADER : 00000nam 2200000uu 4500
001    13399113799
003     ULIB
008    120105s2549||||th 000 0 tha d
020    ^a9789749869635
050 04 ^aA^bน624W 2549
100 0  ^aนิภาพัชร์ ปิ่นสุวรรณ
245 10 ^aWhere? รู้รอบสถานที่มหัศจรรย์ของโลก /^cนิภาพัชร์ ปิ่นสุวรรณ
250    ^aพิมพ์ครั้งที่ 1
260    ^aกรุงเทพฯ :^bอักษรเจริญทัศน์,^c2549
300    ^a191 หน้า :^bภาพประกอบ
440  0 ^aหนังสือเสริมการเรียนรู้ ชุด สรรพ์สาระของโลก
650  7 ^aโลก^xภูมิประเทศและการท่องเที่ยว
650  7 ^aความรู้ทั่วไป
945    ^p170^l0^i24860
995    ^aกัณชพร
999    ^aใช้งานได้ทุกระบบ
รายการนี้ยังไม่มีแท็ก
คุณยังไม่ได้ล็อกอิน คุณสามารถมีกิจกรรมร่วมกับเว็บไซต์ได้ แต่ต้องล็อกอินก่อน ::
  ล็อกอิน

รายการสื่อสารสนเทศ

ลำดับที่ ประเภท เลขเรียก/บาร์โค้ด สถานที่ สถานะ
- ไม่พบข้อมูล -

รายการใกล้เคียง
    ผู้แต่ง [นิภาพัชร์ ปิ่นสุวรรณ]

    หัวเรื่อง [ความรู้ทั่วไป]

BibComment


ยังไม่เคยถูกคอมเมนท์

คอมเมนท์ทรัพยากรรายการนี้
  คอมเมนท์: Where รู้รอบสถาน..


 Copyright 2026. Bcnsprnw @Library